000 00378nam a22001577a 4500
003 CEME
005 20210628210413.0
008 210216b xxu||||| |||| 00| 0 eng d
040 _c.
082 _a891.4391 MUZ
100 _aMuzaffar Warsi
_979256
245 _aHisaar
260 _aLAHORE
_bALQAMAR ENTERPRISES
_c1995
650 _aURDU ADAB-POETRY
_928226
942 _cBK
_2ddc
999 _c584306
_d584306